| 000 | 00804nam a2200277 a 4500 | ||
|---|---|---|---|
| 999 |
_c6689 _d6689 |
||
| 005 | 20200602142112.0 | ||
| 008 | 200602b ||||| |||| 00| 0 spa d | ||
| 020 | _a9789987771358 | ||
| 040 |
_aCO-BoIAVH _cCO-BoIAVH |
||
| 041 | _aspa | ||
| 082 | _a581.986 | ||
| 090 |
_aRE _b00036 |
||
| 245 | _aEnciclopedia de las plantas útiles del Ecuador | ||
| 260 |
_aQuito _bHerbario QCA _bHerbario AAU _c2008 |
||
| 300 | _a949 p. | ||
| 650 | 0 |
_aEtnobotánica _9103259 |
|
| 650 | 0 |
_aPlantas útiles _zEcuador. _9103260 |
|
| 650 | 0 |
_adiverisdad de flora _9103261 |
|
| 662 | _aEcuador | ||
| 700 |
_aTorre, Lucía de la _992625 |
||
| 700 |
_aNavarrete, Hugo _916576 |
||
| 700 |
_aMuriel M., Priscilla _992626 |
||
| 700 |
_aMacía, Manuel J. _992627 |
||
| 700 |
_aBalslev, Henrik _992628 |
||
| 942 |
_cLIBRO _2ddc |
||